[Event "Online Olym Top DivA 2020"]
[Site "chess.com INT"]
[Date "2020.08.23"]
[Round "9.5"]
[Board "4"]
[White "Batchimeg, Tuvshintugs"]
[Black "Alinasab, Mobina"]
[Result "1-0"]
[WhiteTitle "IM"]
[BlackTitle "WIM"]
[WhiteElo "2356"]
[BlackElo "2317"]
[WhiteTeam "Mongolia"]
[BlackTeam "Iran"]
[WhiteFideId "4900839"]
[BlackFideId "12528897"]
[EventDate "2020.08.21"]
[EventType "team"]

1. d4 Nf6 2. c4 e6 3. Nf3 a6 4. a3 d5 5. cxd5 exd5 6. Nc3 Be6 7. Bg5 Nbd7 8. e3
Bd6 9. Bd3 c6 10. O-O Qc7 11. Bh4 Bg4 12. Bg3 O-O 13. Rc1 Bxg3 14. hxg3 Qd6 15.
Qc2 Bxf3 16. gxf3 h6 17. Na4 Rfe8 18. Kg2 Rac8 19. Bf5 Rb8 20. b4 Nf8 21. Nc5 g6
22. Bd3 h5 23. Rh1 Kg7 24. Qb2 Ne6 25. a4 Rh8 26. b5 axb5 27. axb5 cxb5 28. Qxb5
Nc7 29. Qb3 b6 30. Na6 Nxa6 31. Bxa6 Ra8 32. Bb7 Ra3 33. Qb2 b5 34. Qxb5 Rb8 35.
Rc8 Rxc8 36. Bxc8 Ra2 37. Rc1 Qa3 38. Qb1 Rb2 39. Qa1 Ra2 40. Qc3 Qa7 41. Rc2
Rxc2 42. Qxc2 g5 43. Qf5 Nh7 44. Qxd5 Qa3 45. Bd7 f6 46. Bf5 Nf8 47. Qb7+ Kh6
48. Qf7 Qd6 49. e4 h4 50. e5 fxe5 51. dxe5 Qxe5 52. Qxf8+ Qg7 53. Qd6+ 1-0

[Event "Online Olym Top DivA 2020"]
[Site "chess.com INT"]
[Date "2020.08.23"]
[Round "9.5"]
[Board "5"]
[White "Tabatabaei, M.amin"]
[Black "Batsuren, Dambasuren"]
[Result "0-1"]
[WhiteTitle "GM"]
[BlackTitle "IM"]
[WhiteElo "2629"]
[BlackElo "2481"]
[WhiteTeam "Iran"]
[BlackTeam "Mongolia"]
[WhiteFideId "12521213"]
[BlackFideId "4902920"]
[EventDate "2020.08.21"]
[EventType "team"]

1. d4 Nf6 2. c4 e6 3. Nf3 b6 4. a3 Bb7 5. Nc3 d5 6. cxd5 Nxd5 7. e3 Be7 8. Bb5+
c6 9. Bd3 Nxc3 10. bxc3 O-O 11. O-O c5 12. e4 Nd7 13. Qe2 Rc8 14. Rd1 Nf6 15. h4
cxd4 16. cxd4 Rc3 17. d5 exd5 18. e5 Nd7 19. Bb2 Rc7 20. e6 Nc5 21. exf7+ Rxf7
22. Ne5 Rf8 23. Bxh7+ Kxh7 24. Qh5+ Kg8 25. Ng6 Bf6 26. Bxf6 Qxf6 27. Qh8+ Kf7
28. Nxf8 Rc8 29. Qh5+ Kxf8 30. Rac1 Kg8 31. Rc2 Rf8 32. f3 d4 33. Re2 Ne6 34.
Qe5 Nf4 35. Ree1 Qxh4 36. Qxd4 Qg3 37. Qd2 Nh3+ 38. Kh1 Nf2+ 39. Kg1 Nxd1 40.
Qxd1 Bxf3 41. Qb3+ Kh8 42. Re2 Qg4 43. Rf2 Rf6 44. Rxf3 Rxf3 45. Qxf3 Qxf3 46.
gxf3 Kh7 47. Kf2 Kg6 48. Ke3 Kf5 49. a4 a6 50. f4 b5 51. axb5 axb5 52. Kf3 b4
53. Ke3 b3 0-1

[Event "Online Olym Top DivA 2020"]
[Site "chess.com INT"]
[Date "2020.08.23"]
[Round "9.5"]
[Board "6"]
[White "Munkhzul, Davaakhuu"]
[Black "Zahedifar, Anahita"]
[Result "1-0"]
[WhiteTitle "WFM"]
[BlackTitle "WFM"]
[WhiteElo "1991"]
[BlackElo "2213"]
[WhiteTeam "Mongolia"]
[BlackTeam "Iran"]
[WhiteFideId "4902815"]
[BlackFideId "12560715"]
[EventDate "2020.08.21"]
[EventType "team"]

1. e4 c6 2. Nc3 d5 3. Nf3 Bg4 4. h3 Bh5 5. Be2 e6 6. d3 Nf6 7. Bf4 Bb4 8. e5
Bxf3 9. Bxf3 d4 10. O-O dxc3 11. exf6 Qxf6 12. Be3 cxb2 13. Rb1 Nd7 14. d4 Nb6
15. Rxb2 Bd6 16. Qd3 O-O 17. Rb3 Bf4 18. c4 Rfd8 19. Qc2 Rab8 20. Ra3 e5 21.
dxe5 Qxe5 22. Bxf4 Qxf4 23. c5 Nd7 24. Rxa7 Ne5 25. Be4 g6 26. g3 Qg5 27. Qb3
Qe7 28. Rc1 Nd7 29. Bg2 Ne5 30. Be4 Rd4 31. Bg2 Nd3 32. Rb1 Rb4 33. Qxd3 Rxb1+
34. Qxb1 Qxc5 35. Ra4 b5 36. Re4 Rd8 37. Re1 Rd2 38. Re8+ Kg7 39. Qa1+ Kh6 40.
Qe1 Qd4 41. Qe3+ Qxe3 42. Rxe3 c5 43. Rc3 Rd1+ 44. Kh2 c4 45. Bc6 Rd2 46. Kg2
Rb2 47. a4 bxa4 48. Bxa4 Rb4 49. Bd1 Kg7 50. Be2 h5 51. Rxc4 Rb2 52. Bf1 Rd2 53.
Rc7 Rd6 54. Bc4 Rf6 55. Ra7 g5 56. Ra5 Kh6 57. Ra6 Rxa6 58. Bxa6 f5 59. f4 Kg6
60. Bc8 Kf6 61. h4 gxh4 62. gxh4 Kg6 63. Kf3 1-0